000 00630nam a2200181Ia 4500
008 090630s9999 xx 000 0 und d
082 _b26006
100 _aठाकूर दिलीप.
245 _aएक्स्ट्रा तिकिट.
_cठाकूर दिलीप.
260 _bश्रीकल्प - मुंबई.
_c2006
300 _a222
600 _aठाकूर दिलीप.
630 _aएक्स्ट्रा तिकिट.
655 _aइतर.
700 _aठाकूर दिलीप.
730 _aएक्स्ट्रा तिकिट.
942 _cBOOK
999 _c277862
_d277862